LEADER 01514nam a2200289 u 4500 001 000000060947 003 CaOOAMICUS 005 20070226120953.0 008 010827s1999 it u000 u ita u 035 $a10900090 040 $aPUL(R)$bita 100 1 $aGrbe?i?, Grgo.$0(OLS)http://pul/name/41574 245 13$aLa questione dei "passaggi" dalla Chiesa ortodossa serba alla Chiesa cattolica nella diocesi Dakovo e Srijem dal 19412 al 1945 /$cauctor Grgo Grb?i?. 260 $aRoma :$b[s.n.],$c1999. 300 $a107 p. ;$c24 cm 500 $aIn testa al front.: "Pontificia Universitas Gregoriana, Facultas historiae ecclesiasticae". 502 $aDissertatione ad doctoratum -- Pontificia Universitas Facultas historiae ecclesiasticae, 1999. 504 $aBibliografia: p. xii-xxiii. 610 24$aChiesa ortodossa$xStoria.$0(OLS)http://pul/subject/8625 650 4$aChiesa$xStoria$ySec. XX.$0(OLS)http://pul/subject/23367 710 2 $aPontificia Universitą Gregoriana.$bFacoltą di storia ecclesiastica.$kTesi.$0(OLS)http://pul/name/11264 850 $aPUL 852 $aPUL$W1$xDP1 Tesi Pon. Univ. Gregoriana$y40$mTH PUG 4614$j79510$nBK-PRI$b $qTesi$B79510$CPULBib$Z2$F79510 $H $81 941 1 $a16 961 $aINV: 83788 996 $6245$aLa questione dei "passaggi" dalla Chiesa ortodossa serba alla Chiesa cattolica nella diocesi Dakovo e Srijem dal 19412 al 1945$9(OLS)http://pul/title/81424 996 $6260$aRoma :$b[s.n.]$9(OLS)http://pul/publisher/47958 LEADER 01277nam a2200337 u 4500 001 000000074150 003 CaOOAMICUS 005 20070226122429.0 008 021202s2000 it u000 u ita u 020 $a8808096262 035 $a10946755 040 $aPUL$bita 100 1 $aFinocchiaro, Francesco.$0(OLS)http://pul/name/27273 245 10$aDiritto ecclesiastico /$cFrancesco Finocchiaro. 250 $a8. ed. 260 $aBologna :$bZanichelli,$cc2000. 300 $aviii, 498 p. ;$c24 cm 500 $aContiene indice analitico. 504 $aBibliografia in nota. 650 4$aDiritto ecclesiastico.$0(OLS)http://pul/subject/6 850 $aPUL 852 $aPUL$W1$xSL Diritto Canonico 1$y5$m165 C 51$j95705$nBK-PRI$b $qStampati$B95705$CPULBib$Z2$F95705 $81 852 $aPUL$W1$xDP1 Fondo G. Barberini$y122$m3 B 37$j115141$nBK-PRI$b 2 copia$qFondi$B178658$CPULBib$Z2$F178658 $HBar1849 $81 941 1 $a1 941 1 $a8 960 $aDiritto e religione$96 960 $aDiritto e religione$96 961 $aINV: 87361 996 $6020$a8808096262$9(OLS)http://pul/number/95955 996 $6245$aDiritto ecclesiastico$9(OLS)http://pul/title/5089 996 $6260$aBologna :$bZanichelli$9(OLS)http://pul/publisher/48255